Vida y sexo: una biología básica de la sexualidad, con una introducción a una antropología sexológica
Spremljeno u:
| Glavni autor: | |
|---|---|
| Format: | Knjiga |
| Jezik: | španjolski |
| Izdano: |
Santiago
Universitaria
1985
|
| Izdanje: | 2a. ed |
| Serija: | Colección El Mundo de las Ciencias
|
| Teme: | |
| Oznake: |
Dodaj oznaku
Bez oznaka, Budi prvi tko označuje ovaj zapis!
|
MARC
| LEADER | 00000nam a2200000 a 4500 | ||
|---|---|---|---|
| 001 | UCL5734 | ||
| 003 | CL-VaPUC | ||
| 008 | 040319e19850700CL |||||||||||||||||spa|d | ||
| 082 | 0 | 4 | |a 306.7 |b QUI |2 21 |
| 100 | 0 | |a Quijada-Cerda, Osvaldo A |e author |9 483420 | |
| 245 | 1 | 0 | |a Vida y sexo: una biología básica de la sexualidad, con una introducción a una antropología sexológica |
| 250 | |a 2a. ed | ||
| 300 | |a 272 p | ||
| 942 | |c BK | ||
| 945 | |d 20040319 00:00:00 |a vberengu | ||
| 260 | |a Santiago |b Universitaria |c 1985 | ||
| 650 | 0 | |a Sexualidad |9 358183 | |
| 583 | |a last modification |c 20040319 00:00:00 |k Rodrigo Vera | ||
| 490 | 0 | |a Colección El Mundo de las Ciencias | |
| 999 | |c 308163 |d 308161 | ||
| 952 | |0 0 |1 0 |4 0 |6 306_700000000000000_QUI_1985 |7 0 |8 A |9 374443 |a BIBTEO |b BIBTEO |d 2019-11-21 |i 2106310 |o 306.7 QUI 1985 |p 2106310 |r 2025-01-17 |w 2019-11-21 |y BK |k ICR | ||